000 00526nam a2200181Ia 4500
001 4487
005 20260306145759.0
008 260306t1996||||xx |||||||||||||| ||spa||
041 _aESP
082 _a323.11985
_bD59
100 _aAsociación Peruana de Estudios para la Paz (Ed.)
_eAUT
245 0 _aDerechos humanos y pueblos indígenas de la amazonía peruana:
_brealidad, normativa y perspectivas
260 _c1996
300 _a262 páginas :
_c24 cm.
650 _aGEN
654 _aCHU
942 _cLIB
_dJUS
_fJUS
_2ddc
_n
999 _c4487
_d4487